| 000 | 00665cam a2200205 i 4500 | ||
|---|---|---|---|
| 005 | 20250624102311.0 | ||
| 008 | 171107s2018 enka b 001 0 eng | ||
| 020 | _a9780198717362 (pbk.) | ||
| 040 |
_aKABLIB _beng _erda _cKABLIB |
||
| 082 | 0 | 0 |
_a616.07 _223 _bCYT |
| 245 | 0 | 0 |
_aCytopathology / _cBehdad Shambayati (Editor) |
| 250 | _a2nd ed. | ||
| 260 |
_aOxford : _bOxford University Press, _cc2018 |
||
| 300 |
_axxi, 581 p. : _bcol. ill. ; _c25 cm. |
||
| 490 | 0 | _aFundamentals of biomedical science | |
| 500 | _aIncludes glossary, references, index. | ||
| 650 | 0 |
_aPathology, Cellular. _914395 |
|
| 700 | 1 |
_aShambayati, Behdad, _eeditor. _914396 |
|
| 942 |
_2ddc _cBOOK |
||
| 999 |
_c5687 _d5687 |
||